| 000 | 00730nam a22002177a 4500 | ||
|---|---|---|---|
| 003 | 00 | ||
| 005 | 20220202120638.0 | ||
| 008 | 220202b ||||| |||| 00| 0 eng d | ||
| 020 | _a978-999 19-892-9-7 | ||
| 040 |
_aBUAC _bBUC _cFre |
||
| 041 | _aFre. | ||
| 100 | _aSangnidjo Expédi G. | ||
| 245 |
_aGuide de comptabilité (le secret) _bla comptabilité générale (opérations courantes et travaux d' inventaire pour 3 éme année AC, 2re G. etc.. _c/ Expédit G. Sangnidjo |
||
| 250 | _a4éme Edi. | ||
| 260 |
_aAbomey-Calavi: _bEdi. Sage, _c2018 |
||
| 300 |
_a709 p. _b26 cm. _ccouv. en coul. |
||
| 630 | _aSCIENCES APPLIQUEES -TECHNIQUES | ||
| 650 | _aCOMPTABILITE | ||
| 651 | _2Comptabilité : manuel | ||
| 942 |
_cLBA _2ddc |
||
| 999 |
_c62061 _d62061 |
||